Schaum's Outline of Data Structures with Java / (Record no. 11086)

000 -LEADER
fixed length control field 00734nam a2200241 a 4500
003 - CONTROL NUMBER IDENTIFIER
control field PK-NaQUE
005 - DATE AND TIME OF LATEST TRANSACTION
control field 20250324114428.0
008 - FIXED-LENGTH DATA ELEMENTS--GENERAL INFORMATION
fixed length control field 250324b ||||| |||| 00| 0 eng d
020 ## - INTERNATIONAL STANDARD BOOK NUMBER
International Standard Book Number 0071476989 (paperback)
020 ## - INTERNATIONAL STANDARD BOOK NUMBER
International Standard Book Number 9780071476980 (paperback)
040 ## - CATALOGING SOURCE
Transcribing agency QUEST
100 1# - MAIN ENTRY--PERSONAL NAME
Personal name Hubbard, John.
245 10 - TITLE STATEMENT
Title Schaum's Outline of Data Structures with Java /
250 ## - EDITION STATEMENT
Edition statement Second ed.
260 ## - PUBLICATION, DISTRIBUTION, ETC. (IMPRINT)
Place of publication, distribution, etc [S.l.] :
Name of publisher, distributor, etc McGraw-Hill,
Date of publication, distribution, etc 2011.
300 ## - PHYSICAL DESCRIPTION
Extent 384 p. ;
650 ## - SUBJECT ADDED ENTRY--TOPICAL TERM
Topical term or geographic name as entry element Java (Computer program language)
650 ## - SUBJECT ADDED ENTRY--TOPICAL TERM
Topical term or geographic name as entry element Data structures (Computer science)
650 ## - SUBJECT ADDED ENTRY--TOPICAL TERM
Topical term or geographic name as entry element Java (Langage de programmation)
700 ## - ADDED ENTRY--PERSONAL NAME
Personal name Hurayk, Anita
856 40 - ELECTRONIC LOCATION AND ACCESS
Uniform Resource Identifier http://10.10.170.122:8080/browse/book/2002
Link text Download eBook
942 ## - ADDED ENTRY ELEMENTS (KOHA)
Koha item type Books
Source of classification or shelving scheme
Holdings
Withdrawn status Lost status Damaged status Not for loan Permanent Location Current Location Date acquired Cost, normal purchase price Full call number Barcode Date last seen Price effective from Koha item type Source of classification or shelving scheme Shelving location
        Central Library, QUEST, Nawabshah Central Library, QUEST, Nawabshah 2014-10-22 833.00 005.73HUB 50653 2014-10-22 2014-10-22 Books    
        Central Library, QUEST, Nawabshah Central Library, QUEST, Nawabshah 2015-10-29 1370.00 005.73HUB 52498 2015-10-29 2015-10-29 Books    
        Library for Girls Library for Girls 2014-10-22 833.00 005.73HUB 50654 2014-10-22   Books    
        Reference Section Reference Section 2014-05-19 1968.00 005.73 HUB (Shelf -12C) 44925 2025-03-24 2025-03-24 Books   Reference
        Seminar Library, Information Technology Seminar Library, Information Technology 2015-03-24 1198.00 005.73HUB 51388 2025-03-24 2025-03-24 Books    

Copyright © 2018,The QUEST, Nawabshah, Shaheed Benazirabad. All rights reserved
Mr. G. Farooq Channar (Librarian) QUEST, Nawabshah, Sindh, Pakistan 67480.
 Ph#: |   0244-9370381-4 Ext. 2308   Email| lib@quest.edu.pk   Web|  http://www.quest.edu.pk